[Event "Interclubs Adultes"]
[Site "Montpellier"]
[Date "2008.04.12"]
[Round "6.2"]
[White "Bacrot, Etienne"]
[Black "Bauer, Christian"]
[Result "1-0"]
[WhiteElo "2705"]
[BlackElo "2618"]
[PlyCount "109"]
[EventDate "12.??.??"]
[WhiteTeam "Marseille Echecs"]
[BlackTeam "Montpellier"]

1. e4 Nc6 2. Nf3 e5 3. Bb5 a6 4. Ba4 Nf6 5. O-O Be7 6. Re1 b5 7. Bb3 d6 8. c3
O-O 9. h3 Na5 10. Bc2 c5 11. d4 cxd4 12. cxd4 Bb7 13. d5 Rc8 14. b3 Qc7 15. Bd3
Nd7 16. Bd2 f5 17. Bb4 Nc5 18. Nc3 f4 19. Rb1 Nxd3 20. Qxd3 Ba8 21. a4 Nb7 22.
Qd2 Rfe8 23. Rec1 Qb6 24. axb5 axb5 25. Qe2 Nc5 26. Bxc5 Rxc5 27. b4 Rc4 28.
Nd2 Rd4 29. Rd1 Rb8 30. Qf3 Bb7 31. Ne2 Rxd2 32. Rxd2 Rf8 33. Rc2 Bh4 34. Rbc1
Rf7 35. Nc3 g6 36. Qg4 Bf6 37. Qe6 Kf8 38. Nb1 Kg7 39. Na3 Re7 40. Qg4 h5 41.
Qe2 f3 42. Qe3 Qd8 43. Nxb5 fxg2 44. Rc7 Ba6 45. Rxe7+ Bxe7 46. Nc7 Bc8 47. Rc2
Bg5 48. Qb3 Kh6 49. b5 Bf4 50. Qf3 Qh4 51. Ne6 Bxe6 52. dxe6 Qg5 53. Qxg2 Qf6
54. b6 Qxe6 55. Rb2 1-0

[Event "Interclubs Adultes"]
[Site "Montpellier"]
[Date "2008.04.12"]
[Round "6.4"]
[White "Gozzoli, Yannick"]
[Black "Maze, Sebastien"]
[Result "0-1"]
[WhiteElo "2509"]
[BlackElo "2565"]
[PlyCount "78"]
[EventDate "12.??.??"]
[WhiteTeam "Marseille Echecs"]
[BlackTeam "Montpellier"]

1. d4 Nf6 2. Nf3 e6 3. c4 c5 4. d5 b5 5. dxe6 fxe6 6. cxb5 d5 7. Nc3 Nbd7 8. e4
d4 9. e5 Ng4 10. Ne4 Bb7 11. h3 Ngxe5 12. Nxe5 Nxe5 13. Qh5+ Nf7 14. Nxc5 Bd5
15. Nd3 Qf6 16. Bd2 Bd6 17. Bb4 e5 18. Bxd6 Qxd6 19. a3 g6 20. Qh4 O-O 21. Qg3
Nh6 22. Nb4 Nf5 23. Qh2 Nh4 24. Qg3 Rf4 25. Rc1 Nf5 26. Qh2 Bf7 27. Bd3 e4 28.
Rc6 Qb8 29. Na6 Qe5 30. Rc5 Qd6 31. Rc6 Qe7 32. Qxf4 exd3+ 33. Kd1 Qe2+ 34. Kc1
Ne3 35. Qxd4 Nf1 36. Rxf1 Qxf1+ 37. Kd2 Re8 38. Kc3 d2 39. Qxd2 Qxb5 0-1

[Event "Interclubs Adultes"]
[Site "Montpellier"]
[Date "2008.04.12"]
[Round "6.5"]
[White "Libiszewski, Fabien"]
[Black "Jedynak, Radoslaw"]
[Result "0-1"]
[WhiteElo "2465"]
[BlackElo "2515"]
[PlyCount "102"]
[EventDate "12.??.??"]
[WhiteTeam "Montpellier"]
[BlackTeam "Marseille Echecs"]

1. e4 e6 2. d4 d5 3. Nc3 Bb4 4. exd5 exd5 5. Bd3 Nc6 6. a3 Bxc3+ 7. bxc3 Nge7
8. Qh5 Be6 9. Rb1 b6 10. Nf3 Qd7 11. Ng5 O-O-O 12. Nxe6 Qxe6+ 13. Be3 g6 14.
Qf3 Nf5 15. O-O Nxe3 16. Rfe1 Rhe8 17. Rxe3 Qd7 18. Rbe1 Rxe3 19. fxe3 f5 20.
c4 dxc4 21. Bxc4 Kb8 22. Bf1 Na5 23. g3 Qd6 24. Bg2 c6 25. g4 fxg4 26. Qxg4
Qxa3 27. Qh4 Rd7 28. Bh3 Rc7 29. e4 g5 30. Qh5 Qc3 31. Rd1 Qe3+ 32. Kh1 Qxe4+
33. Bg2 Qxc2 34. d5 cxd5 35. Rxd5 Nc6 36. Qf3 Kb7 37. Bf1 Qg6 38. Bd3 Qg7 39.
Rf5 g4 40. Qf1 a5 41. Ba6+ Ka7 42. Bc8 Nb4 43. Rf4 g3 44. hxg3 Nd3 45. Qxd3
Rxc8 46. Rd4 Qh6+ 47. Kg2 Qc6+ 48. Kh3 Rc7 49. Rd5 Re7 50. Kg2 Qe6 51. Qd4 Qe4+
0-1

[Event "Interclubs Adultes"]
[Site "Montpellier"]
[Date "2008.04.12"]
[Round "6.6"]
[White "Marzolo, Cyril"]
[Black "Flear, Glenn C"]
[Result "1/2-1/2"]
[WhiteElo "2476"]
[BlackElo "2508"]
[PlyCount "51"]
[EventDate "12.??.??"]
[WhiteTeam "Marseille Echecs"]
[BlackTeam "Montpellier"]

1. d4 d5 2. Nf3 Nf6 3. c4 e6 4. Bg5 c6 5. Nbd2 Be7 6. e3 b6 7. Bd3 Bb7 8. O-O
Nbd7 9. Qe2 O-O 10. Rfd1 Rc8 11. Rac1 c5 12. cxd5 Nxd5 13. Bxe7 Qxe7 14. Ba6
Bxa6 15. Qxa6 Nb8 16. Qa3 cxd4 17. Qxe7 Nxe7 18. Nxd4 Rxc1 19. Rxc1 Rc8 20.
Rxc8+ Nxc8 21. Nc4 Kf8 22. Kf1 Ke7 23. Ke2 f6 24. f4 Kd7 25. e4 Nc6 26. Ke3
1/2-1/2

[Event "Interclubs Adultes"]
[Site "Montpellier"]
[Date "2008.04.12"]
[Round "6.8"]
[White "Delorme, Laurie"]
[Black "Milliet, Sophie"]
[Result "1/2-1/2"]
[WhiteElo "2140"]
[BlackElo "2354"]
[PlyCount "151"]
[EventDate "12.??.??"]
[WhiteTeam "Marseille Echecs"]
[BlackTeam "Montpellier"]

1. d4 Nf6 2. Nf3 c5 3. g3 cxd4 4. Nxd4 e5 5. Nb3 d5 6. Bg2 Nc6 7. O-O Be7 8.
Bg5 Be6 9. Nc3 d4 10. Bxf6 gxf6 11. Ne4 Qb6 12. Qc1 f5 13. Ng5 Bc4 14. Re1 a5
15. Nd2 Ba6 16. Nf1 Qd8 17. Nh3 Rc8 18. a3 e4 19. Qh6 Qd6 20. Qxd6 Bxd6 21. Nf4
Ne7 22. Rac1 Rg8 23. Kh1 Rc5 24. Nh5 Be5 25. f4 Bh8 26. h3 Rg6 27. g4 fxg4 28.
f5 Rxf5 29. Nhg3 Re5 30. Bxe4 f5 31. Bd3 Rh6 32. Kg1 Rxh3 33. Nh1 f4 34. Nf2
Rh4 35. Nh2 g3 36. Nf3 gxf2+ 37. Kxf2 Reh5 38. Nxh4 Rxh4 39. Rh1 Bf6 40. Bxh7
Rxh1 41. Rxh1 b6 42. Be4 Kd7 43. Rh5 Kd6 44. Kf3 Be5 45. Rh6+ Kc7 46. b3 Bc8
47. Rh7 Kd6 48. Rh6+ Be6 49. Bd3 Nd5 50. Bc4 Nf6 51. Bd3 Bd5+ 52. Kf2 Kc5 53.
Rg6 Kd6 54. Rh6 Ke6 55. Rg6 Bd6 56. a4 Be5 57. Ke1 f3 58. exf3 Bxf3 59. Kf2 Bd5
60. Ke2 Bd6 61. Kf2 Bc5 62. Ke2 Ba3 63. Rg1 Bd6 64. Rg6 Bf4 65. Rg7 Ke5 66.
Re7+ Kd6 67. Rg7 Be3 68. Rg6 Ke5 69. Ke1 Bf3 70. Rg7 Nd5 71. Rf7 Nf4 72. Rf5+
Ke6 73. Rb5 Kf6 74. Rxb6+ Kg5 75. Rb5+ Kg4 76. Rxa5 1/2-1/2

[Event "Interclubs Adultes"]
[Site "Montpellier"]
[Date "2008.04.13"]
[Round "6.3"]
[White "Landa, Konstantin"]
[Black "Damljanovic, Branko"]
[Result "1-0"]
[WhiteElo "2633"]
[BlackElo "2595"]
[PlyCount "120"]
[EventDate "12.??.??"]
[WhiteTeam "Vandoeuvre"]
[BlackTeam "Antibes"]

1. d4 Nf6 2. Nf3 g6 3. c4 Bg7 4. Nc3 d6 5. e4 O-O 6. Be2 c5 7. O-O Nc6 8. d5
Na5 9. Bg5 h6 10. Bd2 e5 11. Ne1 b6 12. b3 Qe7 13. Nd3 Bd7 14. Qc2 Rae8 15.
Rae1 Nb7 16. Kh1 a6 17. Rb1 Na5 18. Nc1 Rb8 19. b4 Nb7 20. Nd3 Rfc8 21. bxc5
Nxc5 22. Nxc5 bxc5 23. Rb3 Rb4 24. a3 Rxb3 25. Qxb3 Qd8 26. Rb1 Bf8 27. Qb7 Ra8
28. Bd1 Be8 29. Qb6 Qc8 30. Qb2 Qd8 31. Qb6 Qc8 32. Kg1 Nd7 33. Qc6 Qd8 34. Rb7
h5 35. h3 Be7 36. Kf1 Nf6 37. Qb6 Qxb6 38. Rxb6 Nd7 39. Rb7 Bd8 40. Ba4 Nf6 41.
Bxe8 Nxe8 42. Ke2 Bc7 43. Kd3 Rb8 44. Ra7 Rb6 45. Kc2 Bb8 46. Rd7 Bc7 47. Bg5
Rb8 48. Be7 Rc8 49. g4 hxg4 50. hxg4 Ba5 51. Bh4 Bc7 52. Nd1 Kg7 53. Be7 Bb8
54. g5 Rc7 55. Bf6+ Kf8 56. Rd8 Rb7 57. Ne3 Bc7 58. Ra8 Rb8 59. Rxa6 Bd8 60.
Bxd8 Rxd8 1-0

[Event "Interclubs Adultes"]
[Site "Montpellier"]
[Date "2008.04.13"]
[Round "6.4"]
[White "Santo-Roman, Marc"]
[Black "Philippe, Christophe"]
[Result "0-1"]
[WhiteElo "2395"]
[BlackElo "2407"]
[PlyCount "82"]
[EventDate "12.??.??"]
[WhiteTeam "Antibes"]
[BlackTeam "Vandoeuvre"]

1. e4 c5 2. Nf3 e6 3. d4 cxd4 4. Nxd4 Nc6 5. Nb5 d6 6. c4 Nf6 7. N5c3 Be7 8.
Be2 O-O 9. O-O b6 10. Bf4 Bb7 11. Re1 a6 12. Nd2 Rc8 13. Rc1 Ne5 14. a3 Qc7 15.
Be3 Ned7 16. f4 Qb8 17. Bf3 h6 18. Qe2 Bc6 19. b4 Rfe8 20. Bf2 e5 21. f5 b5 22.
cxb5 axb5 23. Nb3 Bd8 24. Rc2 Bb6 25. Rec1 Bxf2+ 26. Qxf2 Nb6 27. Na5 Bd7 28.
Be2 Rxc3 29. Rxc3 Nxe4 30. Qh4 Nxc3 31. Rxc3 Nd5 32. Rf3 Qb6+ 33. Qf2 Rc8 34.
Rd3 Rc1+ 35. Bf1 Qxf2+ 36. Kxf2 Nc3 37. g4 d5 38. Bg2 d4 39. Nb3 Rb1 40. Nxd4
exd4 41. Rxd4 Rd1 0-1

[Event "Interclubs Adultes"]
[Site "Montpellier"]
[Date "2008.04.12"]
[Round "6.5"]
[White "Brunner, Nicolas"]
[Black "Bijaoui, Manuel"]
[Result "1-0"]
[WhiteElo "2404"]
[BlackElo "2388"]
[PlyCount "99"]
[EventDate "12.??.??"]
[WhiteTeam "Vandoeuvre"]
[BlackTeam "Antibes"]

1. d4 Nf6 2. c4 g6 3. Nf3 Bg7 4. Nc3 O-O 5. e4 d6 6. Be2 e5 7. O-O Nc6 8. d5
Ne7 9. Ne1 Nd7 10. Be3 f5 11. f3 f4 12. Bf2 g5 13. a4 a5 14. Nd3 b6 15. Be1 h5
16. b4 axb4 17. Nb5 Nf6 18. Bxb4 Ng6 19. a5 bxa5 20. Rxa5 Rxa5 21. Bxa5 Rf7 22.
c5 Bf8 23. cxd6 Bxd6 24. Nxd6 Qxd6 25. Qa1 g4 26. Bb4 Qa6 27. Qxa6 Bxa6 28.
Nxf4 Nxf4 29. Bxa6 Rg7 30. Kh1 h4 31. Bc3 Rg5 32. Bc8 gxf3 33. gxf3 N6h5 34.
Bd2 Kf7 35. Bg4 Nf6 36. h3 Rg7 37. Rc1 Ke8 38. Ba5 Nxg4 39. hxg4 Nd3 40. Rxc7
Rxc7 41. Bxc7 Ne1 42. g5 Nxf3 43. g6 Ng5 44. g7 Kf7 45. d6 Kxg7 46. d7 Ne6 47.
d8=Q Nxd8 48. Bxd8 Kg6 49. Kh2 Kh5 50. Kh3 1-0

[Event "Interclubs Adultes"]
[Site "Montpellier"]
[Date "2008.04.12"]
[Round "6.8"]
[White "Cochet, Caroline"]
[Black "Steil-Antoni, Fiona"]
[Result "1/2-1/2"]
[WhiteElo "2075"]
[BlackElo "2125"]
[PlyCount "35"]
[EventDate "12.??.??"]
[WhiteTeam "Antibes"]
[BlackTeam "Vandoeuvre"]

1. e4 d6 2. c4 e5 3. Nc3 Nf6 4. g3 Be7 5. Bg2 O-O 6. Nge2 Be6 7. d3 Qd7 8. h3
Nc6 9. f4 exf4 10. Nxf4 Ne8 11. O-O Bf6 12. Nxe6 fxe6 13. Be3 e5 14. Nd5 Ne7
15. Qb3 c6 16. Nxf6+ Nxf6 17. d4 Qe6 18. d5 1/2-1/2

[Event "Interclubs Adultes"]
[Site "Montpellier"]
[Date "2008.04.13"]
[Round "6.1"]
[White "Kozakov, Mikhail"]
[Black "Abergel, Thal"]
[Result "1/2-1/2"]
[WhiteElo "2449"]
[BlackElo "2520"]
[PlyCount "130"]
[EventDate "12.??.??"]
[WhiteTeam "Bois Colombes"]
[BlackTeam "Marseille Duchamps"]

1. e4 e5 2. Nf3 d6 3. d4 exd4 4. Nxd4 Nf6 5. Nc3 Be7 6. Bc4 O-O 7. O-O Nbd7 8.
Nf5 Ne5 9. Nxe7+ Qxe7 10. Bb3 c6 11. Bg5 Be6 12. f4 Ned7 13. Re1 Rfe8 14. Qd4
c5 15. Qf2 h6 16. Bh4 Bxb3 17. axb3 Qe6 18. Rad1 Nb6 19. e5 dxe5 20. Rxe5 Qg4
21. Bxf6 gxf6 22. Rxc5 Rad8 23. Rxd8 Rxd8 24. Qg3 Qxg3 25. hxg3 f5 26. Re5 Rd2
27. Re2 Rd6 28. Nb5 Rd1+ 29. Kf2 Nd7 30. Re8+ Nf8 31. Nxa7 Kg7 32. Re1 Rd5 33.
Nc8 Rc5 34. Nd6 Rxc2+ 35. Re2 Rc5 36. Re7 Rd5 37. Nxf7 Kf6 38. Rxb7 Nd7 39.
Nxh6 Kg6 40. Ng8 Kf7 41. g4 Kxg8 42. gxf5 Nf6 43. Ke3 Rxf5 44. b4 Rd5 45. b5
Ng4+ 46. Ke2 Rd4 47. b6 Rb4 48. Kd3 Nf6 49. g3 Nd5 50. Kc2 Nxb6 51. Kb1 Kf8 52.
Kc2 Ke8 53. f5 Rc4+ 54. Kd3 Rb4 55. Kc2 Rc4+ 56. Kb3 Rc6 57. g4 Nd7 58. Rb4 Ke7
59. Rd4 Rb6+ 60. Kc3 Rc6+ 61. Kd2 Ne5 62. Re4 Kf6 63. b4 Rc4 64. Rxc4 Nxc4+ 65.
Kc3 Ne5 1/2-1/2

[Event "Interclubs Adultes"]
[Site "Montpellier"]
[Date "2008.04.13"]
[Round "6.2"]
[White "Kosten, Anthony C"]
[Black "Landenbergue, Claude"]
[Result "1/2-1/2"]
[WhiteElo "2496"]
[BlackElo "2440"]
[PlyCount "75"]
[EventDate "12.??.??"]
[WhiteTeam "Marseille Duchamps"]
[BlackTeam "Bois Colombes"]

1. c4 e5 2. g3 Nf6 3. Bg2 c6 4. d4 Bb4+ 5. Bd2 Bxd2+ 6. Qxd2 d6 7. e3 Be6 8. b3
exd4 9. Qxd4 d5 10. cxd5 Bxd5 11. Nf3 O-O 12. Nc3 Qe7 13. Nxd5 cxd5 14. O-O Nc6
15. Qb2 Rfd8 16. Rfd1 Ne4 17. Rac1 Rac8 18. a3 g6 19. Rc2 a6 20. Rdc1 Qe6 21.
Nd4 Nxd4 22. Qxd4 Rxc2 23. Rxc2 Rd6 24. Rc7 b5 25. Ra7 Rc6 26. Bxe4 dxe4 27.
Ra8+ Rc8 28. Rxc8+ Qxc8 29. Qxe4 Qc1+ 30. Kg2 Qxa3 31. b4 h5 32. Qd4 Kh7 33.
Qd2 Qb3 34. h3 Qc4 35. Qd4 Qa2 36. Qd7 Qc4 37. Qd4 Qa2 38. Qd7 1/2-1/2

[Event "Interclubs Adultes"]
[Site "Montpellier"]
[Date "2008.04.13"]
[Round "6.3"]
[White "Shoker, Samy"]
[Black "Kritz, Leonid"]
[Result "0-1"]
[WhiteElo "2377"]
[BlackElo "2609"]
[PlyCount "81"]
[EventDate "12.??.??"]
[WhiteTeam "Bois Colombes"]
[BlackTeam "Marseille Duchamps"]

1. g3 c5 2. Bg2 Nc6 3. c4 g6 4. Nc3 Bg7 5. a3 b6 6. d3 Bb7 7. e3 Rc8 8. Nge2
Nf6 9. b4 O-O 10. Rb1 d6 11. O-O e6 12. h3 Qe7 13. f4 Nd7 14. Bb2 Ba8 15. Ba1
Rfd8 16. Qd2 Qf8 17. g4 Ne7 18. Bxa8 Rxa8 19. e4 Nc6 20. Kh2 Qe7 21. Ng3 a6 22.
Nce2 Bxa1 23. Rxa1 b5 24. d4 cxd4 25. Nxd4 Nxd4 26. Qxd4 e5 27. fxe5 Nxe5 28.
cxb5 axb5 29. Ne2 Rac8 30. Rad1 Rc2 31. Rd2 Rdc8 32. Rf2 R8c4 33. Qd5 Rxd2 34.
Qxd2 Rxe4 35. Nc3 Nc4 36. Qd5 Re3 37. Nxb5 Ne5 38. Qxd6 Qh4 39. Kg1 Qg3+ 40.
Kf1 Qxh3+ 41. Kg1 0-1

[Event "Interclubs Adultes"]
[Site "Montpellier"]
[Date "2008.04.12"]
[Round "6.4"]
[White "Boudre, Jean-Pierre"]
[Black "Vuilleumier, Alexandre"]
[Result "0-1"]
[WhiteElo "2327"]
[BlackElo "2277"]
[PlyCount "74"]
[EventDate "12.??.??"]
[WhiteTeam "Marseille Duchamps"]
[BlackTeam "Bois Colombes"]

1. e4 c5 2. Nf3 d6 3. d4 cxd4 4. Nxd4 Nf6 5. Nc3 a6 6. Be2 e5 7. Nb3 Be7 8. Bg5
O-O 9. Bxf6 Bxf6 10. Qd3 Be6 11. O-O-O Qb6 12. Qg3 Qc7 13. Kb1 Rc8 14. Qd3 Qb6
15. Rhf1 Rc6 16. Nd5 Bxd5 17. Qxd5 Qc7 18. c3 Ra7 19. g3 b5 20. f4 exf4 21.
gxf4 Nd7 22. Nd4 Rc5 23. Qb3 g6 24. f5 Re5 25. fxg6 hxg6 26. Qc2 Bg7 27. Nf3
Re7 28. Qd2 b4 29. cxb4 Rxe4 30. Bd3 Re7 31. Rc1 Qb8 32. Bc4 Nf6 33. Bb3 d5 34.
Rc6 Rad7 35. Qd3 Qb7 36. Rc5 Re4 37. a3 a5 0-1

[Event "Interclubs Adultes"]
[Site "Montpellier"]
[Date "2008.04.12"]
[Round "6.5"]
[White "Chomet, Pascal"]
[Black "Ovsienko, Valentin"]
[Result "1-0"]
[WhiteElo "2333"]
[BlackElo "2137"]
[PlyCount "59"]
[EventDate "12.??.??"]
[WhiteTeam "Bois Colombes"]
[BlackTeam "Marseille Duchamps"]

1. e4 c5 2. Nc3 Nc6 3. Nf3 e5 4. Bc4 Be7 5. d3 d6 6. O-O Bg4 7. h3 Bh5 8. Nd5
Nd4 9. g4 Bg6 10. Nxd4 cxd4 11. f4 h5 12. g5 h4 13. Qg4 Rc8 14. f5 Bh5 15. Qxh4
Qa5 16. a4 a6 17. b4 Qd8 18. a5 Kf8 19. f6 gxf6 20. gxf6 Nxf6 21. Nxe7 Qxe7 22.
Qxf6 Qxf6 23. Rxf6 Ke7 24. Rf2 Rhg8+ 25. Kh2 Rg7 26. Bh6 Rh7 27. Bg5+ Kd7 28.
h4 Rg8 29. Kg3 Rgg7 30. Rf6 1-0

[Event "Interclubs Adultes"]
[Site "Montpellier"]
[Date "2008.04.12"]
[Round "6.6"]
[White "Poisson, Olivier"]
[Black "Pietrasanta, Jeremy"]
[Result "0-1"]
[WhiteElo "2149"]
[BlackElo "2280"]
[PlyCount "65"]
[EventDate "12.??.??"]
[WhiteTeam "Marseille Duchamps"]
[BlackTeam "Bois Colombes"]

1. d4 Nf6 2. c4 e6 3. g3 Bb4+ 4. Nd2 Nc6 5. Ngf3 d6 6. Bg2 e5 7. d5 Bxd2+ 8.
Bxd2 Ne7 9. b4 O-O 10. O-O Ne4 11. Be1 f5 12. Qc2 g5 13. Nd2 Nf6 14. a4 Qe8 15.
f3 h5 16. h3 g4 17. Ra3 Ng6 18. fxg4 hxg4 19. Rxf5 Bxf5 20. Qxf5 gxh3 21. Bxh3
Kg7 22. Qg5 Nh7 23. Qe3 Ne7 24. Ne4 Qh5 25. g4 Qh6 26. Qg3 Ng5 27. Bg2 Nxe4 28.
Bxe4 Qf4 29. Qg2 Qc1 30. Qg3 Rf4 31. Qh4 Rh8 32. Qxe7+ Rf7 33. Qxf7+ 0-1

[Event "Interclubs Adultes"]
[Site "Montpellier"]
[Date "2008.04.12"]
[Round "6.7"]
[White "Guichard, Pauline"]
[Black "Fernandez, Laura"]
[Result "1-0"]
[WhiteElo "2274"]
[BlackElo "2025"]
[PlyCount "59"]
[EventDate "12.??.??"]
[WhiteTeam "Bois Colombes"]
[BlackTeam "Marseille Duchamps"]

1. d4 d5 2. c4 e6 3. Nf3 Nf6 4. Nc3 Be7 5. cxd5 exd5 6. Qc2 O-O 7. Bg5 c6 8. e3
Ne4 9. Nxe4 dxe4 10. Bxe7 Qxe7 11. Nd2 f5 12. g4 Qh4 13. Bc4+ Kh8 14. gxf5 Bxf5
15. O-O-O b5 16. Bb3 Na6 17. Qc3 c5 18. Kb1 c4 19. Bc2 Rac8 20. Qa3 Nc7 21. Qc5
Ne6 22. Qe5 c3 23. bxc3 Rxc3 24. d5 Rfc8 25. Qxf5 Rxc2 26. dxe6 Qe7 27. Qd5 Qf6
28. Qb3 R2c3 29. Qb2 Qxe6 30. Rc1 1-0

[Event "Interclubs Adultes"]
[Site "Montpellier"]
[Date "2008.04.12"]
[Round "6.8"]
[White "Bismuth, Sarah"]
[Black "Le Roy, Brice"]
[Result "0-1"]
[WhiteElo "1769"]
[BlackElo "2301"]
[PlyCount "46"]
[EventDate "12.??.??"]
[WhiteTeam "Marseille Duchamps"]
[BlackTeam "Bois Colombes"]

1. e4 c5 2. Nc3 Nc6 3. Bb5 e6 4. Bxc6 bxc6 5. d3 d6 6. Nf3 e5 7. h3 Be7 8. O-O
Nf6 9. Nh2 Rb8 10. b3 O-O 11. Kh1 Ne8 12. f4 exf4 13. Bxf4 Bf6 14. Qe1 Qe7 15.
Rb1 Nc7 16. Nf3 Re8 17. Na4 Ne6 18. Bg3 Nd4 19. Nxd4 cxd4 20. Nb2 Be6 21. Nc4
Bxc4 22. bxc4 Be5 23. Bh4 Rxb1 0-1

[Event "Interclubs Adultes"]
[Site "Montpellier"]
[Date "2008.04.13"]
[Round "7.1"]
[White "Nakamura, Hikaru"]
[Black "Nisipeanu, Liviu-Dieter"]
[Result "1/2-1/2"]
[WhiteElo "2686"]
[BlackElo "2684"]
[PlyCount "0"]
[EventDate "13.??.??"]
[WhiteTeam "Antibes"]
[BlackTeam "Clichy"]

1. d4 Nf6 2. c4 e6 3. Nc3 Bb4 4. e3 O-O 5. Bd3 d5 6. Nge2 c5 7. cxd5 cxd4 8.
exd4 Nxd5 9. O-O Nc6 10. a3 Bd6 11. Bc2 Qh4 12. f4 Bc7 13. Rf3 f5 14. Nxd5
1/2-1/2

[Event "Interclubs Adultes"]
[Site "Montpellier"]
[Date "2008.04.13"]
[Round "7.3"]
[White "Damljanovic, Branko"]
[Black "Pelletier, Yannick"]
[Result "1/2-1/2"]
[WhiteElo "2595"]
[BlackElo "2607"]
[PlyCount "0"]
[EventDate "13.??.??"]
[WhiteTeam "Antibes"]
[BlackTeam "Clichy"]

1. Nf3 Nf6 2. c4 c5 3. Nc3 e6 4. g3 b6 5. Bg2 Bb7 6. O-O Be7 7. Re1 d5 8. cxd5
Nxd5 9. e4 Nb4 10. d4 cxd4 11. Nxd4 N8c6 12. Nxc6 Qxd1 13. Rxd1 Bxc6 14. Bf4 g5
15. Bd6 Bxd6 16. Rxd6 Rd8 17. Rxd8+ Kxd8 18. a3 Na6 19. b4 Nb8 20. e5 Bxg2 21.
Kxg2 Nd7 22. Re1 Ke7 23. Nb5 a6 24. Na7 Ra8 25. Nc6+ Ke8 26. Rd1 b5 27. Rd6 Nb6
28. Na5 Nc8 29. Rd1 Ne7 30. Rd6 Nc8 31. Rc6 Ne7 32. Rc7 Nd5 33. Rc1 g4 34. h3
h5 35. f3 gxf3+ 36. Kxf3 Kd7 37. Nb3 Nb6 38. Na5 Nd5 39. Rc6 Rc8 40. Rxc8 Kxc8
41. Nb3 Kd8 42. Nd4 Nb6 43. Ke4 Nc4 44. Nc2 Kd7 45. Kd4 Nd2 46. Ne1 Nb1 47. Nc2
Nd2 48. Ne1 Nb1 49. Nc2 1/2-1/2

[Event "Interclubs Adultes"]
[Site "Montpellier"]
[Date "2008.04.13"]
[Round "7.4"]
[White "Naiditsch, Arkadij"]
[Black "Miralles, Gilles"]
[Result "1-0"]
[WhiteElo "2623"]
[BlackElo "2490"]
[PlyCount "0"]
[EventDate "13.??.??"]
[WhiteTeam "Clichy"]
[BlackTeam "Antibes"]

1. e4 c5 2. Nf3 Nc6 3. Bb5 d6 4. O-O Bd7 5. Re1 Nf6 6. c3 a6 7. Bf1 e5 8. h3
Be7 9. d4 b5 10. a4 cxd4 11. axb5 axb5 12. Rxa8 Qxa8 13. cxd4 Qa5 14. Na3 b4
15. Nc4 Qc7 16. dxe5 Nxe5 17. Nfxe5 dxe5 18. f4 exf4 19. e5 Qc5+ 20. Kh1 Nd5
21. e6 Bxe6 22. Qa4+ Kf8 23. Rxe6 fxe6 24. Qa8+ Kf7 25. Qxh8 Nb6 26. Qb8 Nxc4
27. Qxf4+ 1-0

[Event "Interclubs Adultes"]
[Site "Montpellier"]
[Date "2008.04.13"]
[Round "7.5"]
[White "Acher, Mathieu"]
[Black "Tregubov, Pavel V"]
[Result "0-1"]
[WhiteElo "2381"]
[BlackElo "2629"]
[PlyCount "0"]
[EventDate "13.??.??"]
[WhiteTeam "Antibes"]
[BlackTeam "Clichy"]

1. e4 c5 2. Nf3 Nc6 3. Bb5 Nf6 4. Nc3 g6 5. h3 Bg7 6. e5 Ng8 7. Bxc6 dxc6 8. d3
Nh6 9. Be3 Qa5 10. O-O Nf5 11. Qe2 O-O 12. Ne4 Nxe3 13. Qxe3 c4 14. dxc4 Bxe5
15. Qh6 Bg7 16. Qh4 Bf5 17. c3 Rfe8 18. Nd4 Bxe4 19. Qxe4 Rad8 20. Nb3 Qa6 21.
Rfe1 e5 22. c5 Rd5 23. Qe2 Qxe2 24. Rxe2 f5 25. Rae1 Red8 26. f3 R8d7 27. a4
Kf7 28. a5 a6 29. Kf2 Bf6 30. g3 Rd3 31. Nc1 Rd2 32. Nb3 R2d3 33. Nc1 Rd1 34.
Nb3 Rxe1 35. Rxe1 Ke6 36. Ke3 Be7 37. Ke2 Rd8 38. Rc1 Kd5 39. c4+ Ke6 40. Re1
e4 41. fxe4 fxe4 42. Nd2 Rd4 43. Kd1 Kf5 44. g4+ Kf4 45. Ke2 Ke5 46. b3 Bxc5
0-1

[Event "Interclubs Adultes"]
[Site "Montpellier"]
[Date "2008.04.13"]
[Round "7.6"]
[White "Apicella, Manuel"]
[Black "Santo-Roman, Marc"]
[Result "1/2-1/2"]
[WhiteElo "2532"]
[BlackElo "2395"]
[PlyCount "0"]
[EventDate "13.??.??"]
[WhiteTeam "Clichy"]
[BlackTeam "Antibes"]

1. e4 c5 2. Nf3 e6 3. d4 cxd4 4. Nxd4 Qb6 5. Nb3 Qc7 6. Bd3 Nf6 7. Nc3 a6 8. f4
b5 9. a3 Bb7 10. Qe2 d6 11. O-O Nbd7 12. Kh1 Be7 13. Bd2 O-O 14. Rae1 Rfe8 15.
e5 Nd5 16. Rf3 g6 17. Rh3 Rac8 18. Nxd5 Bxd5 19. exd6 Qxd6 20. f5 exf5 21. Bb4
Qe6 22. Re3 Be4 23. Nd4 Qb6 24. Bxe4 Bxb4 25. axb4 Qxd4 26. c3 Qb6 27. Bd5 Rxe3
28. Qxe3 Qxe3 29. Rxe3 Nb6 30. Bf3 Nc4 31. Re2 Kg7 32. h4 Rc7 33. b3 Nd6 34.
Rc2 Ne4 35. c4 Kf6 36. g4 Ke5 37. gxf5 Kxf5 38. Kg2 Kf4 39. Bxe4 Kxe4 40. c5 f5
41. Ra2 Rc6 42. Rd2 Ke5 43. Rd7 h6 44. Rg7 Kf4 45. Rd7 g5 46. Rd6 Rc7 47. Rxh6
g4 48. Rxa6 Rh7 49. Ra5 Rxh4 50. Rxb5 g3 51. c6 Rh2+ 52. Kg1 Rb2 53. Rc5 Rb1+
54. Kg2 Rb2+ 55. Kg1 Rb1+ 56. Kg2 1/2-1/2

[Event "Interclubs Adultes"]
[Site "Montpellier"]
[Date "2008.04.13"]
[Round "7.7"]
[White "Bijaoui, Manuel"]
[Black "Edouard, Romain"]
[Result "1/2-1/2"]
[WhiteElo "2388"]
[BlackElo "2509"]
[PlyCount "0"]
[EventDate "13.??.??"]
[WhiteTeam "Antibes"]
[BlackTeam "Clichy"]

1. e4 c5 2. Nf3 d6 3. d4 cxd4 4. Nxd4 Nf6 5. Nc3 a6 6. Bg5 e6 7. f4 Qc7 8. Qf3
b5 9. Bxf6 gxf6 10. O-O-O b4 11. Nce2 Bb7 12. Ng3 Nd7 13. Bd3 Rc8 14. Kb1 Qb6
15. Nb3 a5 16. f5 e5 17. Nd2 a4 18. Nc4 Qc5 19. Qe3 Qxe3 20. Nxe3 Nb6 21. Nh5
Ke7 22. Ng4 Nd7 23. Ne3 Rg8 24. Nd5+ Bxd5 25. exd5 Rxg2 26. Rdg1 Rxg1+ 27. Rxg1
Rc5 28. Rg4 Rxd5 29. Rxb4 Nc5 30. Ng3 Bh6 31. Ne4 Nxd3 32. cxd3 Rxd3 33. Rxa4
d5 34. Ra7+ Kf8 35. Nxf6 Bf4 36. a4 e4 37. Nh5 Bxh2 38. f6 Rb3 39. Rd7 Rb8 40.
Rxd5 e3 41. Kc2 e2 42. Kd2 Rxb2+ 43. Ke1 Bc7 44. Rc5 Bd8 45. Rd5 Bc7 1/2-1/2

[Event "Interclubs Adultes"]
[Site "Montpellier"]
[Date "2008.04.13"]
[Round "7.8"]
[White "Skripchenko, Almira"]
[Black "Cochet, Caroline"]
[Result "1-0"]
[WhiteElo "2443"]
[BlackElo "2075"]
[PlyCount "0"]
[EventDate "13.??.??"]
[WhiteTeam "Clichy"]
[BlackTeam "Antibes"]

1. e4 c5 2. Nf3 Nc6 3. Bb5 g6 4. Bxc6 dxc6 5. d3 Bg7 6. h3 e5 7. Nc3 Qe7 8. Be3
Nf6 9. Qd2 Nd7 10. a3 b6 11. O-O Nf8 12. b4 cxb4 13. axb4 Bb7 14. Ra4 Nd7 15.
b5 O-O 16. Rfa1 cxb5 17. Rxa7 b4 18. Nd5 Bxd5 19. exd5 Rxa7 20. Rxa7 Qd6 21.
Ng5 Rc8 22. Ne4 Qxd5 23. Qxb4 Nc5 24. Bxc5 bxc5 25. Qb5 h6 26. Rd7 Qc6 27. c4
Bf8 28. Nc3 Qxb5 29. cxb5 c4 30. dxc4 Rxc4 31. Nd5 Rc1+ 32. Kh2 Rb1 33. b6 Bc5
34. b7 Kg7 35. Nc3 Rb4 36. Ne4 Ba7 37. f3 Bb8 38. Kg1 Rb2 39. Kf1 g5 40. g4 Kg6
41. Ng3 Rb3 42. Ke2 Ba7 43. Nf5 Bc5 44. Rc7 Ba3 45. Rc3 1-0

[Event "Interclubs Adultes"]
[Site "Montpellier"]
[Date "2008.04.13"]
[Round "7.1"]
[White "Kritz, Leonid"]
[Black "Hamdouchi, Hichem"]
[Result "1/2-1/2"]
[WhiteElo "2609"]
[BlackElo "2576"]
[PlyCount "24"]
[EventDate "13.??.??"]
[WhiteTeam "Marseille Duchamps"]
[BlackTeam "Montpellier"]

1. e4 e5 2. Nf3 Nc6 3. Bb5 a6 4. Ba4 Nf6 5. d3 d6 6. c3 g6 7. Bg5 Bg7 8. Nbd2
O-O 9. O-O b5 10. Bc2 Bb7 11. Re1 h6 12. Bh4 Nb8 1/2-1/2